Catálogo
 En Linea

Diagnóstico del sector agropecuario. (Registro nro. 44672)

Detalles MARC
000 -CABECERA
campo de control de longitud fija 01280nam a2200205 a 4500
001 - NÚMERO DE CONTROL
campo de control 000045183
005 - FECHA Y HORA DE LA ÚLTIMA TRANSACCIÓN
campo de control 20260219150429.0
008 - DATOS DE LONGITUD FIJA--INFORMACIÓN GENERAL
campo de control de longitud fija 150206s1999 dr a 000 0 spa d
040 ## - FUENTE DE LA CATALOGACIÓN
Centro catalogador/agencia de origen DO-SdBNP
Lengua de catalogación spa
Centro/agencia transcriptor BNPHU
082 ## - NÚMERO DE LA CLASIFICACIÓN DECIMAL DEWEY
Número de clasificación 338.1
Número de documento/Ítem D536s
245 00 - MENCIÓN DE TÍTULO
Título Diagnóstico del sector agropecuario.
260 ## - PUBLICACIÓN, DISTRIBUCIÓN, ETC.
Lugar de publicación, distribución, etc. Santo Domingo :
Nombre del editor, distribuidor, etc. Secretaría de Estado de Agricultura,
Fecha de publicación, distribución, etc. 1999.
300 ## - DESCRIPCIÓN FÍSICA
Extensión 80 p. :
Otras características físicas il. ;
Dimensiones 26 cm.
504 ## - NOTA DE BIBLIOGRAFÍA, ETC.
Nota de bibliografía, etc. Bibliografía: p. 79-80
505 2# - NOTA DE CONTENIDO CON FORMATO
Nota de contenido con formato Aspectos socioeconómicos -- Propiedad y uso de la tierra -- El producto bruto interno global y el sector agropecuario -- Comportamiento de la siembra, cosecha y producción de los principales productos agropecuarios por grupos -- Servicios de apoyo a la producción -- Costos de producción de los principales productos agrícolas -- Comercialización agropecuaria -- Crédito agropecuario -- Reforma agraria -- Análisis de las variables relacionadas con los aspectos hidráulicos -- -- El sector agropecuario en el marco de los acuerdos internacionales -- Comercio exterior.
590 ## - NOTA LOCAL (RLIN)
Nota local Inventariado, 2018/LP
650 #4 - PUNTO DE ACCESO ADICIONAL DE MATERIA--TÉRMINO DE MATERIA
Término de materia o nombre geográfico como elemento de entrada Agricultura
Subdivisión general Aspectos económicos
Subdivisión geográfica República Dominicana
9 (RLIN) 1508
710 ## - PUNTO DE ACCESO ADICIONAL--NOMBRE DE ENTIDAD CORPORATIVA
Nombre de entidad corporativa o nombre de jurisdicción como elemento de entrada Secretaría de Estado de Agricultura (República Dominicana)
9 (RLIN) 35364
910 ## - DATOS DE OPCIÓN DEL USUARIO (OCLC)
Datos de opción del usuario Validado. Control de calidad MFF
Existencias
Estado de retiro Estado de pérdida No para préstamo Código de colección Localización permanente Ubicación/localización actual Ubicación en estantería Fecha de adquisición Número de inventario Total de préstamos Signatura topográfica completa Código de barras Fecha visto por última vez Precio válido a partir de Tipo de ítem Koha
    Excluido de préstamo Patrimonio Dominicano Patrimonio Dominicano Patrimonio Dominicano Depósito 06.02.2015 LF1   338.1 D536s 45183-10 25.06.2020 25.06.2020 Libro y Folleto Colección Patrimonio Dominicano

Con tecnología Koha